El enfrentamiento : capítulo 6 /

Serie de televisión en 10 capítulos que presenta la saga de la familia Minondo, quienes a través de sus relaciones, dramas, intereses y viscisitudes muestran por un lado, la vida cotidiana del México decimonónico y principios del siglo XX, por otro, las luchas gestadas en la construcción de la nueva...

Volledige beschrijving

Bewaard in:
Bibliografische gegevens
Hoofdauteur: Bolado, Carlos (realización)
Andere auteurs: Bolado, Carlos (realización) (realización), Maillé, Emilio (realización) (realización), Zerón-Medina, Fausto (idea original) (idea original), Gore, Charlie (producción ejecutiva) (producción ejecutiva), Blanco Solís, Omar (producción ejecutiva) (producción ejecutiva), Sariñana, Fernando (producción) (producción), Arana, Iván (actuación) (actuación), Tavira, Marina de (actuación) (actuación), Sigman, Stephanie (actuación) (actuación)
Formaat: Dia
Taal:Spaans
Onderwerpen:
Tags: Voeg label toe
Geen labels, Wees de eerste die dit record labelt!

MARC

LEADER 00000ngm^a2200000^a^4500
001 000313124
005 20250521000000.0
009 20260310113136.433
037 |a Acervo ITESO - Biblioteca 
041 |a ESP 
082 |a 972.  |b MIN V. 2 
100 |a Bolado, Carlos  |e (realización) 
240 1 5 |a [Los Minondo: una familia, una historia, una nueva nación: la gran serie del bicentenario] 
245 1 3 |a El enfrentamiento :  |b capítulo 6 /  |c Realización de C. Bolado. 
264 |a México :  |b Zima Entertainment [distribución],  |c copyright fecha no identificada 
300 |a 1 DVD regiones 1 y 4  |c (42, 42, 52, 52, 54 min.) 
336 |a imagen móvil bidimensional  |b tdi  |2 rdacontenido 
337 |a video  |b v  |2 rdamedio 
338 |a videodisco  |b vd  |2 rdasoporte 
520 |a Serie de televisión en 10 capítulos que presenta la saga de la familia Minondo, quienes a través de sus relaciones, dramas, intereses y viscisitudes muestran por un lado, la vida cotidiana del México decimonónico y principios del siglo XX, por otro, las luchas gestadas en la construcción de la nueva nación: guerra de Independencia, invasión norteamericana, guerra de Reforma, porfiriato y la Revolución Mexicana. 
649 |a XX 
650 |a Dramas Cinematográficos 
650 |a Series de Televisión 
650 |a Televisión -  |z México -  |y 2000-2009 
650 |a Televisión -  |z México -  |y Siglo XXI 
650 |a Relaciones Padres-Hijos 
650 |a Relaciones Familiares 
650 |a Familia 
650 |a Conflicto (Relaciones Personales) 
650 |a México -  |x Historia -  |y Invasión Norteamericana, 1846-1848 
650 |a México -  |x Historia -  |y Federalismo y Centralismo, 1824-1853 
650 |a México -  |x Historia -  |y Constitución y Reforma, 1855-1863 
650 |a México -  |x Historia -  |y Intervención y Segundo Imperio, 1861-1867 
650 |a México -  |x Historia -  |y Porfirismo, 1876-1911 
650 |a México -  |x Historia -  |y República Liberal, 1867-1911 
650 |a México -  |x Historia -  |y Revolución, 1910-1917 
740 3 |a La Reforma :  |b capítulo 7 /  |c Realización de C. Bolado. 
740 3 |a El imperio :  |b capítulo 8 /  |c Realización de E. Maillé. 
740 0 |a Porfiriato :  |b capítulo 9 /  |c Realización de E. Maillé. 
740 0 |a Revolución :  |b capítulo 10 /  |c Realización de E. Maillé. 
700 |a Bolado, Carlos  |e (realización) 
700 |a Maillé, Emilio  |e (realización) 
700 |a Zerón-Medina, Fausto  |e (idea original) 
700 |a Gore, Charlie  |e (producción ejecutiva) 
700 |a Blanco Solís, Omar  |e (producción ejecutiva) 
700 |a Sariñana, Fernando  |e (producción) 
700 |a Arana, Iván  |e (actuación) 
700 |a Tavira, Marina de  |e (actuación) 
700 |a Sigman, Stephanie  |e (actuación) 
910 |a Fondo General 
920 |a Audiovisuales - DVDs 
905 |a 302 
901 |a 0500202378  |b IT2  |c DVS  |i C128828  |u 20250521 
902 |a https://opac.biblio.iteso.mx/vufind/Record/000313124